Türkiye'de katılımcı demokrasinin güçlendirilmesi: Toplumsal cinsiyet eşitliğinin izlenmesi projesi : (Record no. 15595)
[ view plain ]
| 000 -BAŞLIK | |
|---|---|
| Sabit Uzunlukta Kontrol Alanı | 01027nam a22002537a 4500 |
| 999 ## - SİSTEM KONTROL NUMARALARI (KOHA) | |
| Koha Biblionumber | 15595 |
| Koha Biblioitemnumber | 15595 |
| 003 - KONTROL NUMARASI IDENTIFIER | |
| Denetim Alanı | MIRAKIL |
| 005 - SON İŞLEM TARİHİ VE ZAMANI | |
| Denetim Alanı | 20240308141424.0 |
| 008 - SABİT-BOY VERİ ELEMANLARI - GENEL BİLGİLER | |
| Sabit Uzunlukta Kontrol Alanı | 240308b tu ||||| |||| 00| 0 tur d |
| 020 ## - ULUSLARARASI STANDART KİTAP NUMARASI | |
| Uluslararası Standart Kitap Numarası | 9786056484797 |
| 040 ## - KATALOGLAMA KAYNAK | |
| Orijinal Kataloglama Ajansı | TR-AnCHP |
| Metne Dönüştürmek Ajansı | TR-AnCHP |
| 041 ## - DİL KODU | |
| Metin / Ses Parça Veya Ayrı Başlığın Dil Kodu | Tur |
| 082 ## - DEWEY ONLU SINIFLANDIRMA NUMARASI | |
| Sınıflandırma Numarası | 305.4209561 |
| Ürün Numarası | S25s 2018 |
| 090 ## - SINIFLAMA NUMARASI | |
| Sınıflama Numarası | 305.4209561 S25s 2018 |
| 100 ## - ANA GİRİŞ - KİŞİSEL İSİM | |
| Kişisel Ad | Sancar, Serpil |
| 245 10 - BAŞLIK TABLOSU | |
| Başlık | Türkiye'de katılımcı demokrasinin güçlendirilmesi: Toplumsal cinsiyet eşitliğinin izlenmesi projesi : |
| Başlığın Kalan | siyasal kararlara katılımda toplumsal cinsiyet eşitliği haritalama ve izleme çalışması / |
| Sorumluluk Tablosu, Vb | Serpil Sancar |
| 246 ## - UNVAN FORM VARYING | |
| Başlık Doğru / Kısa Başlığı | Siyasal kararlara katılımda toplumsal cinsiyet eşitliği haritalama ve izleme çalışması |
| 250 ## - EDITION TABLOSU | |
| Baskı Beyanı | 1. bs. |
| 260 ## - YAYIN, DAĞITIM, VB | |
| Yayın, Dağıtım, Vb Yeri | Ankara : |
| Yayıncı, Dağıtıcı, Vs Adı | CEİD, |
| Yayın, Dağıtım, Vb Tarihi | 2018 |
| 300 ## - FİZİKSEL TANIM | |
| Kapsam | 200 s. : |
| Diğer Fiziksel Ayrıntıları | tbl. ; |
| Boyutlar | 26 cm. |
| 504 ## - KAYNAKÇA VB NOT | |
| Kaynakça Vb Notu | Kaynakça: 171-196. ss.<br/> |
| 650 #0 - KONU KATMA GİRİŞ - TOPİKAL DÖNEM | |
| 9 (RLIN) | 7694 |
| Topikal Süreli Veya Coğrafi Ad Giriş Elemanı | Cinsiyet ayrımı |
| Genel Alt Bölümü | Şiddet |
| Coğrafi Alt Bölümü | Türkiye |
| 856 ## - ELEKTRONİK YER VE ERİŞİM | |
| Kamu Notu | Dijital Nüshası için Partimizin Kütüphane Sorumlusu ile iletişime geçiniz. |
| 942 ## - EKLENDİ GİRİŞ ELEMANLARI (KOHA) | |
| Sınıflandırma Veya Raf Düzeni Kaynak | Dewey Decimal Classification |
| Koha Öğesi Türü | Books |
| Kalıcı Konum | Mevcut Konum | Edinme Tarihi | Toplam Check-Out'Lar | Tam Çağrı Numarası | Barkod | Tarih Son Görülme | İtibaren Geçerli Fiyatlar | Koha Öğesi Türü |
|---|---|---|---|---|---|---|---|---|
| CHP Kütüphanesi | CHP Kütüphanesi | 03/08/2024 | 305.4209561 S25s 2018 | 21498 | 03/08/2024 | 03/08/2024 | Books |
